Quiz o Hearts of Iron IV - Statystyki

Ogólne statystyki
  • Ten quiz został rozwiązany 74 razy
  • Średni wynik to 13 z 15
Statystyki odpowiedzi
Zagadnienie Odpowiedź % Poprawnych
Które z tych kraji posiada w swoim drzewku cel "Ominięcie Linii Maginota" III Rzesza
98%
Która jednostka służy do lepszej i szybszej walki w górach? Piechota górska
98%
Są fabryki cywilne i ... Wojskowe
98%
Scenariusze dostępne w grze to: 1936, 1939
97%
Co produkuje rafineria paliw syntetycznych? Guma
95%
Które z tych budynków nie istnieje? Kopalnia złota
95%
Czy można produkować broń atomową? Tak
94%
Które z tych zasobów nie ma w grze? Złoto
94%
Które z tych rodzajów dywizji nie występuje w grze? Piechota leśna
92%
Czy wszystkie kraje mają swoje własne unikatowe drzewka? Nie
88%
Które z tych budynków występuję w grze? Koleje
83%
Który kraj ma swoim drzewku cel "Modernizacja Mezziogorno" Włochy
83%
W którym roku zostało wydane Hearts of Iron IV? 2016
71%
Który kraj ma swoim drzewku cel "Los Jugosławii" III Rzesza
71%
Który kraj ma swoim drzewku cel "Autoroutes" Francja
53%
Nie znaleziono quizów pasujących do podanych kryteriów
Rozkład punktacji
Procent ludzi z każdym wynikiem
Percentyl według liczby udzielonych odpowiedzi
Twoja historia wyników
Nie rozwiązałeś tego quizu